The legal system of Bangladesh : a comparative study of problems and procedure in legal institutions /

Chi tiết về thư mục
Tác giả chính: Halim, Md. Abdul
Định dạng: Sách
Ngôn ngữ:English
Được phát hành: Dhaka : C.C.B.Foundation, 2009.
Phiên bản:Fourth edition.
Những chủ đề:
Classic Catalogue: View this record in Classic Catalogue
LEADER 01581nam a2200265 a 4500
001 0020134
003 BD-DhAAL
008 100420s2009 bg b 001 0 eng d
020 |a 984321148X 
040 |a BD-DhAAL  |c BD-DhAAL 
082 0 0 |a 347.5492  |2 22 
100 1 |a Halim, Md. Abdul. 
245 1 0 |a The legal system of Bangladesh :  |b a comparative study of problems and procedure in legal institutions /  |c Md. Abdul Halim. 
250 |a Fourth edition. 
260 |a Dhaka :  |b C.C.B.Foundation,  |c 2009. 
300 |a 496 p. ;  |c 22 cm 
504 |a Includes bibliographical references (pages 491-494) and index. 
526 |a SOL  |x K. Shamsuddin Mahmood Professor and Dean School of Law BRAC University 
541 1 |e 0020134, 0020135  |a Anupam Gyan Bhandar 
650 0 |a Constitutional Law. 
852 4 |a Ayesha Abed Library  |c General Stacks 
942 0 0 |0 3  |2 ddc  |c BK 
999 |c 8207  |d 8207 
952 |0 0  |1 3  |2 ddc  |4 0  |6 347_549200000000000_ABD  |7 0  |9 9386  |a BRACUL  |b BRACUL  |d 2010-04-22  |e Anupam Gyan Bhandar  |g 225.00  |l 5  |m 42  |o 347.5492 ABD  |p 3010020135  |r 2023-03-05  |s 2016-05-17  |t 2  |v 450.00  |w 2010-04-22  |y BK  |x Lost and cost paid by (ID:16309013) BDT-450/- Date-05/03/2023, Money Receipt-52580 ; Requisitioned by K. Shamsuddin Mahmood, Professor and Dean, School of Law, BRAC University 
952 |0 0  |1 0  |2 ddc  |3 Need to change Author Mark  |4 0  |6 347_549200000000000_ABD_2009  |7 0  |9 9387  |a BRACUL  |b BRACUL  |c GEN  |d 2010-04-22  |e Anupam Gyan Bhandar  |g 225.00  |l 20  |m 131  |o 347.5492 ABD  |p 3010020134  |r 2026-02-17  |s 2025-07-07  |t 1  |v 450.00  |w 2010-04-22  |y BK  |x Requisitioned by K. Shamsuddin Mahmood, Professor and Dean, School of Law, BRAC University